Quizzes
Events
Quiz Creation
Community
Videos
Private Events
Remove Ads
Sign In
Join for FREE
Feedback
Dark Mode
Quiz Categories
Sports
Geography
Music
Movies
Television
Just For Fun
Miscellaneous
History
Literature
Language
Science
Gaming
Entertainment
Religion
Holiday
For Kids
Quiz Lab
Recent
Popular Today
Quiz Kudos Today
Editor Picks
Curator Picks
Quizzes by...
Day
Popularity
Type
Ratings
Length
Year
Community
Subscriptions
Recent Discussions
Orange Saloon
Badges
Playlists
Quests
Create
Leaderboards
Showdown
Live 5
Trivia Bingo
Activity
Puzzle Library
Sporcle Events
Private Events
Virtual Trivia
Globe League
Become a Host
Pub Owners
SporcleCon
Opinionation
Our Games
Videos
Blog
Mobile Apps
Partnerships
Remove Ads and Go Orange
Feedback
Music
Pop Music
The Beatles
Song
Album
Lyrics
Bands
Singers
Artist
Clip
Rock
Rap
Classical
Billboard
Country Music
Kpop
Taylor Swift
Music
Pop Music
The Beatles
Song
Album
Lyrics
Bands
Singers
Artist
Clip
Rock
Rap
Classical
Billboard
Country Music
Kpop
Taylor Swift
Random Quiz
Search Sporcle
×
Quiz Lab
Quiz Lab
Music
Matchbox 20
Type in answers that appear in a list
Type in answers that appear in a list
Classic
Best Score? Go Orange.
3 AM Lyrics Matchbox 20 Stats
Can you name the 3 AM Lyrics Matchbox 20?
By
EnzoTheElf
7m
275 Questions
278 Plays
278 Plays
278 Plays
Comments
Comments
Give Quiz Kudos
Give Quiz Kudos
-
- Ratings
hide this ad
More Info
Replay
Link that replays current quiz
Next Quiz
Link to next quiz in quiz playlist
You Got
0%
They Got
Avg Score
86%
Avg Friend Score
Upgrade to see
Score Distribution
Jump to the score distribution portion of the page
Score
0/275
Timer
07:00
0
Plays Today
Lyrics
% Correct
I
100%
I
100%
I
100%
I
100%
I
100%
I
100%
I
100%
I
100%
I
100%
I
100%
I
100%
it's
99.6%
and
99.6%
it's
99.6%
and
99.6%
it's
99.6%
And
99.6%
it's
99.6%
And
99.6%
and
99.6%
And
99.6%
It's
99.6%
it
99.6%
The
99.6%
it
99.6%
a
99.6%
it's
99.6%
And
99.6%
it
99.6%
the
99.6%
it
99.6%
And
99.6%
it's
99.6%
And
99.6%
and
99.6%
And
99.6%
It's
99.6%
it
99.6%
the
99.6%
it
99.6%
And
99.6%
the
99.6%
the
99.6%
,and
99.6%
a
99.6%
it's
99.6%
It's
99.6%
it
99.6%
the
99.6%
it
99.6%
it's
99.6%
it
99.6%
she
97.8%
she
97.8%
She
97.8%
be
97.8%
she
97.8%
she
97.8%
She
97.8%
be
97.8%
she
97.8%
be
97.8%
she
97.8%
She
97.8%
she
97.8%
she
97.8%
she
97.8%
be
97.8%
she
97.8%
be
97.8%
She
97.8%
She
97.8%
She
97.8%
be
97.8%
she
97.8%
be
97.8%
She
97.8%
be
97.8%
she
97.8%
be
97.8%
AM
97.5%
AM
97.5%
AM
97.5%
AM
97.5%
3
96.8%
3
96.8%
3
96.8%
3
96.8%
lonely
95.7%
lonely
95.7%
lonely
95.7%
lonely
95.7%
Lyrics
% Correct
me
95.3%
my
95.3%
that
95.3%
my
95.3%
that
95.3%
that
95.3%
that
95.3%
that
95.3%
that
95.3%
says
94.6%
says
94.6%
says
94.6%
says
94.6%
Says
94.6%
says
94.6%
says
94.6%
says
94.6%
says
94.6%
said
94.2%
outside
94.2%
said
94.2%
baby
94.2%
must
94.2%
baby
94.2%
baby
94.2%
must
94.2%
baby
94.2%
outside
94.2%
baby
94.2%
must
94.2%
baby
94.2%
must
94.2%
baby
94.2%
cold
93.9%
raincoat
93.9%
like
92.1%
all
92.1%
all
92.1%
all
92.1%
all
92.1%
all
92.1%
all
92.1%
all
92.1%
always
91.7%
She's
91.3%
She's
91.3%
she's
91.3%
hands
91%
on
91%
on
91%
well
90.3%
Well
90.3%
Well
90.3%
Well
90.3%
Well
90.3%
Well
90.3%
Well
90.3%
Well
90.3%
Well
90.3%
about
89.9%
raining
89.9%
raining
89.9%
raining
89.9%
things
89.2%
as
89.2%
is
89.2%
as
89.2%
as
89.2%
is
89.2%
is
89.2%
is
89.2%
gonna
88.8%
gonna
88.8%
gonna
88.8%
gonna
88.8%
her
87.4%
her
87.4%
her
87.4%
her
87.4%
worried
87%
but
87%
but
87%
But
87%
but
87%
but
87%
of
86.3%
of
86.3%
of
86.3%
of
86.3%
of
86.3%
of
86.3%
fault
85.9%
Lyrics
% Correct
might
84.8%
when
84.1%
When
84.1%
when
84.1%
can't
82.7%
can't
82.7%
can't
82.7%
can't
82.7%
end
81.9%
believe
80.5%
believe
80.5%
believe
80.5%
sometimes
80.1%
sometimes
80.1%
sometimes
80.1%
sometimes
80.1%
to
79.8%
to
79.8%
voice
79.4%
help
78.3%
help
78.3%
help
78.3%
help
78.3%
only
77.6%
screams
77.6%
scared
77.6%
only
77.6%
screams
77.6%
scared
77.6%
scared
77.6%
scared
77.6%
sleeps
77.3%
sleeps
77.3%
voice
76.9%
away
76.2%
away
76.2%
away
76.2%
rain's
75.5%
rain's
75.5%
rain's
75.5%
wash
75.1%
wash
75.1%
wash
75.1%
at
74%
for
74%
days
71.8%
days
71.8%
has
71.5%
been
71.5%
used
70.8%
used
70.8%
happiness
70%
thinks
69.7%
stuck
69.3%
got
69%
got
69%
clock
69%
sits
67.1%
wall
66.8%
than
66.4%
doorway
66.4%
don't
64.6%
three
64.3%
little
61.7%
mat
61.7%
nothing
61.4%
better
60.6%
something,
59.9%
bit
59.6%
high
57.4%
quite
56%
moon
55.6%
made
55.6%
up
55.6%
believes
55.2%
believes
55.2%
life
54.9%
in
54.2%
hang
53.4%
strained
52.7%
strained
52.7%
God
51.3%
color
45.5%
world
45.5%
stopped
44.4%
portrait
43.7%
swears
43.3%
you're
38.3%
heaven
31.4%
heaven
31.4%
heaven
31.4%
Quiz Playlist
Details
Report
Send in Message
Add To Playlist
More Info:
Type in the lyrics for the song 3 A.M. by Matchbox 20.
Classic:
Type in answers that appear in a list
Last Updated: Sep 6, 2021
Quiz Scoreboard
CHALLENGE
Sign Up to Join the Scoreboard
Show All
Scores
Hide
Comments
May contain spoilers
Recently Published
College Basketball Coaching Resumes
by pancakes188
Sports
9m
Billboard Blitz: Fleetwood Mac
by CooCooCachoo
Music
15s
Presidents Visiting Landmarks
by Hejman
History
7m
More to Explore
Quiz From the Vault
Featured Blog Post
Where Did the Easter Bunny Come From?
hide this ad
You Might Also Like...
Tags
Matchbox 20
Today's Top Quizzes in Music
Browse Music
hide this ad
Top Contributed Quizzes in Music
1
Taylor Swift All Songs (2024)
2
Guess the Artist- 70s Songs
3
7-to-1: Billboard Hot 100 #1 Hits of 2010s
4
Sorting Albums and Songs
5
Taylor Swift Logic Puzzle
6
KPOP LOGIC QUIZ
7
Guess the Taylor Swift song (Mystery Song)
8
One Thing in Common: Music
9
2010s Album by Cover III
10
Guess The Taylor Swift Lyrics Song #1
Explore More
Trending Topics
Disney
Marvel
Kpop
Harry Potter
NBA
Crossword
Anime
Puzzle
NFL
Song
Country
The Office
Pokémon
Soccer
WWE
hide this ad
More By:
EnzoTheElf
Quiz
Plays
Rating
Category
Featured
Created
3 AM Lyrics Matchbox 20
278
5.00
Music
May 17, 2016
Go to Creator's Profile
Score Distribution
Quiz Creator Spotlight
EnzoTheElf
Follow
Send a Message
Quizzes Created
-
Created Quiz Play Count
-
More By This Creator
Popular Quizzes Today
1
Find the US States - No Outlines Minefield
2
Find the Countries of Europe - No Outlines Minefield
3
The Countries of the World
4
Find the US States
5
Risky Map Clicking: Biggest States A-Z
6
US States
7
Popular People in 1961
8
Movies - When Are They Set?
More Music Quizzes
Twenty One Pilots: Start to Finish
Quiz Lab
Trending Quizzes
Risky Map Clicking: Least Populous States A-Z
1-10 Letter G Words
1-10 Letter F Words
Risky Map Clicking: Next State Alphabetically
Risky Map Clicking: Biggest States A-Z
Recently Updated
Leaping Animals
pecheneg
Reality TV Shows (A-Z)
bhenderson79
Rickey Henderson's Hall of Fame Teammates
pecheneg
Champions League XIs: Arsenal
pecheneg
Quick Pick: Celebrities in WWE's Hall of Fame
aduchscher
A-Z Keypad Blitz II
pecheneg
Multiple Oscar Actors
pecheneg
Mystery Phrase Blitz: Oscar 'Best Actors'
pecheneg
F. Scott Fitzgerald Novels
LTH
Pick 3 Villains
ddd62291
Trending Topics
Crossword
Kpop
Anime
Disney
NBA
Harry Potter
Marvel
Song
Soccer
NFL
Puzzle
WWE
Pokémon
Country
The Office
Your Account Isn't Verified!
In order to create a playlist on Sporcle, you need to verify the email address you used during registration. Go to your
Sporcle Settings
to finish the process.
Report this User
Report this user for behavior that violates our
Community Guidelines
.
Details:
Send Report
Go to the Sporcle.com Mobile Site →
Comments